000 00244nam a22001097a 4500
082 _a823
_bUNK/F
100 _aUNKNOWN
245 _aFIVE LITTLE RABBITS
260 _aBRIGHTON
_bLITOR PUBLICATIONS
650 _aENGLISH STORY
_zBRIGHTON
942 _cBK
999 _c7529
_d7529